000 003150000a22001450004500
003 MACL
040 _aMACL
090 _c4832
_d4831
100 _aSharda Prasad, H Y
245 _aEditors in Editing
260 _bNational Book Trust
_c1993
350 _a23
650 _aNews, Media, Journalism
942 _cBOOK
_k070
999 _c4794
_d4794